Biochemistry : (Record no. 14178)

000 -LEADER
fixed length control field 00788cam a22002174a 4500
020 ## - INTERNATIONAL STANDARD BOOK NUMBER
ISBN 0071398759 (pbk. : alk. paper)
040 ## - CATALOGING SOURCE
Transcribing agency DLC
082 00 - DEWEY DECIMAL CLASSIFICATION NUMBER
Classification number 572 HIL 2003 A060 Or.
245 00 - TITLE STATEMENT
Title Biochemistry :
Remainder of title based on Schaum's outline of biochemistry, second edition, by Philip W. Kuchel, Ph.D. and Gregory B. Ralston, Ph.D. [and others] /
246 14 - VARYING FORM OF TITLE
Title proper/short title Biochemistry crash course
260 ## - PUBLICATION, DISTRIBUTION, ETC. (IMPRINT)
Place of publication New York :
Name of publisher McGraw-Hill,
Year of publication c2003.
300 ## - PHYSICAL DESCRIPTION
Number of Pages v, 133 p. :
Other physical details ill. ;
Dimensions 22 cm.
490 0# - SERIES STATEMENT
Series statement Schaum's outline series
500 ## - GENERAL NOTE
General note Includes index.
650 #0 - SUBJECT ADDED ENTRY--TOPICAL TERM
Topical Term Biochemistry
650 #0 - SUBJECT ADDED ENTRY--TOPICAL TERM
Topical Term Biochemistry
700 1# - ADDED ENTRY--PERSONAL NAME
Personal name Cullen, Katherine E.
856 42 - ELECTRONIC LOCATION AND ACCESS
Uniform Resource Identifier http://www.loc.gov/catdir/description/mh031/2002012270.html
856 41 - ELECTRONIC LOCATION AND ACCESS
Uniform Resource Identifier http://www.loc.gov/catdir/toc/fy033/2002012270.html
942 ## - ADDED ENTRY ELEMENTS (KOHA)
Koha item type សៀវភៅភាសាអង់គ្លេស
952 ## - LOCATION AND ITEM INFORMATION (KOHA)
Withdrawn status [LOCAL, KOHA] 0
Holdings
Permanent Location Date acquired Koha item type Lost status Shelving location Barcode Current Location Full call number
Library Block A2017-10-09សៀវភៅភាសាអង់គ្លេស A060A21370Library Block A572 HIL 2003 A060 Or.
មជ្ឈមណ្ឌលឯការនៃសាកលវិទ្យាល័យភូមិន្ទកសិកម្មចំការដូង

Powered by Koha